<?xml version="1.0" encoding="UTF-8"?>
<record
    xmlns:xsi="http://www.w3.org/2001/XMLSchema-instance"
    xsi:schemaLocation="http://www.loc.gov/MARC21/slim http://www.loc.gov/standards/marcxml/schema/MARC21slim.xsd"
    xmlns="http://www.loc.gov/MARC21/slim">

  <leader>01292nem a2200265 i 4500</leader>
  <controlfield tag="001">185968</controlfield>
  <controlfield tag="003">ES-MaACL</controlfield>
  <controlfield tag="005">20250821110927.0</controlfield>
  <controlfield tag="008">160831s1883    sp        |   | | ||spa d</controlfield>
  <datafield tag="130" ind1="0" ind2=" ">
    <subfield code="a">Madrid. Parque del Retiro. </subfield>
    <subfield code="k">Exposiciones. </subfield>
    <subfield code="k">Planos. </subfield>
    <subfield code="f">1883.</subfield>
    <subfield code="9">160641</subfield>
  </datafield>
  <datafield tag="245" ind1="1" ind2="0">
    <subfield code="a">Plano oficial del terreno ocupado en el parque de Madrid por la Exposici&#xF3;n de Miner&#xED;a, Artes Metal&#xFA;rgicas, Cer&#xE1;mica, Cristaler&#xED;a y Aguas Minerales, 1883 [</subfield>
    <subfield code="h">Material cartogr&#xE1;fico] / </subfield>
    <subfield code="c">levantado y dibujado por Enrique de Nouvi&#xF3;n.</subfield>
  </datafield>
  <datafield tag="255" ind1=" " ind2=" ">
    <subfield code="a">Escala 1:1.000.</subfield>
  </datafield>
  <datafield tag="260" ind1=" " ind2=" ">
    <subfield code="a">Madrid : </subfield>
    <subfield code="b">Lit. Pfeiffer, </subfield>
    <subfield code="c">29 de Mayo de 1883.</subfield>
  </datafield>
  <datafield tag="300" ind1=" " ind2=" ">
    <subfield code="a">1 plano : </subfield>
    <subfield code="b">col. ; </subfield>
    <subfield code="c">54 x 69 cm pleg. en 19 x 14 cm.</subfield>
  </datafield>
  <datafield tag="500" ind1=" " ind2=" ">
    <subfield code="a">El pabell&#xF3;n central de la exposici&#xF3;n es lo que hoy se conoce como el Palacio de Vel&#xE1;zquez.</subfield>
  </datafield>
  <datafield tag="650" ind1=" " ind2="4">
    <subfield code="a">Miner&#xED;a-</subfield>
    <subfield code="v">Exposiciones.</subfield>
    <subfield code="9">160642</subfield>
  </datafield>
  <datafield tag="655" ind1=" " ind2="7">
    <subfield code="2">tgfbne</subfield>
    <subfield code="9">193628</subfield>
    <subfield code="a">Cat&#xE1;logos de exposiciones</subfield>
  </datafield>
  <datafield tag="700" ind1="1" ind2=" ">
    <subfield code="a">Nouvion, Enrique de.</subfield>
    <subfield code="9">160643</subfield>
  </datafield>
  <datafield tag="700" ind1="1" ind2=" ">
    <subfield code="a">Vel&#xE1;zquez Bosco, Ricardo,</subfield>
    <subfield code="d">1843-1923</subfield>
    <subfield code="9">113808</subfield>
  </datafield>
  <datafield tag="700" ind1="1" ind2=" ">
    <subfield code="a">Escosura Morrogh, Luis de la, </subfield>
    <subfield code="d">1821-1904</subfield>
    <subfield code="9">126953</subfield>
  </datafield>
  <datafield tag="711" ind1="2" ind2=" ">
    <subfield code="a">Exposici&#xF3;n Nacional de Miner&#xED;a, Artes Metal&#xFA;rgicas, Cer&#xE1;mica, Cristaler&#xED;a y Aguas Minerales (</subfield>
    <subfield code="d">1883. </subfield>
    <subfield code="c">Madrid)</subfield>
    <subfield code="9">707</subfield>
  </datafield>
  <datafield tag="852" ind1=" " ind2=" ">
    <subfield code="a">ES-MaACL</subfield>
    <subfield code="j">F-5870</subfield>
  </datafield>
  <datafield tag="942" ind1=" " ind2=" ">
    <subfield code="2">udc</subfield>
  </datafield>
  <datafield tag="999" ind1=" " ind2=" ">
    <subfield code="c">185968</subfield>
    <subfield code="d">185968</subfield>
  </datafield>
  <datafield tag="952" ind1=" " ind2=" ">
    <subfield code="0">0</subfield>
    <subfield code="1">0</subfield>
    <subfield code="4">0</subfield>
    <subfield code="7">0</subfield>
    <subfield code="a">ATENEOM</subfield>
    <subfield code="b">ATENEOM</subfield>
    <subfield code="c">DEPO2</subfield>
    <subfield code="d">2016-08-31</subfield>
    <subfield code="e">SC</subfield>
    <subfield code="l">0</subfield>
    <subfield code="o">F-5870</subfield>
    <subfield code="p">1196056</subfield>
    <subfield code="r">2023-02-23 00:00:00</subfield>
    <subfield code="w">2023-02-23</subfield>
    <subfield code="y">CARTOGRAFI</subfield>
  </datafield>
</record>
